| 000 | 00544nam a2200193 a 4500 | ||
|---|---|---|---|
| 001 | 1829 | ||
| 003 | CO-ViMGA | ||
| 008 | 141112s2004 ck r 000 u spa d | ||
| 040 |
_aCO-ViMGA _bspa _cCO-ViMGA |
||
| 082 | 0 | 4 | _a028.55 P657p |
| 100 | 1 | _aPontificia Universidad Javeriana | |
| 245 | 1 | 0 |
_aProceso lector II / _cAgudelo de Pabon Sara |
| 250 | _a2a | ||
| 260 |
_aSantafé de Bogotá : _bFundación Cultural Javeriana, _c1996 |
||
| 300 | _a236 p | ||
| 490 | _aEducación abierta | ||
| 650 | 1 | 4 |
_aLECTURA - TECNICAS _95195 |
| 942 |
_2ddc _cBK |
||
| 999 |
_c13984 _d13984 |
||